000 00605nam a2200181Ia 4500
003 GCL
008 140319s9999 xx 000 0 ara d
040 _aGCL /
_cGCL
082 0 4 _a920.71
_bن ت
100 1 _aنورالدين بن حميد بن سلوم السالمى
245 1 0 _aتحفة الاعيان :
_bبسيرة اهل الاعيان /
_cنورالدين بن حميد بن سلوم السالمى
260 _a[S.N] :
_bلا يوجد ،
_c1974
300 _a324 ص ؛
_c24 سم
490 _a
650 0 4 _aالتراجم
650 0 4 _aالانسان والاعراق
942 _2ddc
_cBK
999 _c36698
_d36698